banner-ar

المنصف : شرح الامام ابى الفتح عثمان بن جنى النحوى لكتاب التصريف للامام ابى عثمان المازنى النحوى البصرى / (Record no. 39205)

MARC details
000 -الفاتح
حقل البيانات ثابتة الطول 00882nam a2200193Ia 4500
005 - وقت وتاريخ اخر تعامل مع التسجيلة
رقم الضبط 20240530103421.0
008 - عناصر البيانات ثابتة الطول - معلومات عامة
حقل البيانات ثابتة الطول 140319s9999 xx 000 0 ara d
040 ## - مصدر الفهرسة
وكالة الفهرسة الأصلية GCL /
وكالة النسخ GCL
082 04 - رقم تصنيف ديوى العشرى
رقم التصنيف 415.5
رقم المادة ا م
100 1# - المدخل الرئيسى - إسم شخصى
الإسم الشخصى ابى الفتح عثمان بن جنى النحوى
245 10 - بيان العنوان
العنوان المنصف : شرح الامام ابى الفتح عثمان بن جنى النحوى لكتاب التصريف للامام ابى عثمان المازنى النحوى البصرى /
بيان المسئوليه,etc ابى الفتح عثمان بن جنى النحوى
260 ## - PUBLICATION, DISTRIBUTION, ETC. (IMPRINT)
تاريخ النشر أو التوزيع 1954
300 ## - الوصف المادى
التعداد متعدد ص ؛
تفاصيل ماديه اخرى للوعاء 24 سم
650 04 - المدخل الاضافى بالموضوع-مصطلح موضوعى
مصطلح موضوعي اللغة العربية - الصرف
700 1# - المدخل الاضافى - اسم شخصى
الإسم الشخصى عبدالله امين
700 1# - المدخل الاضافى - اسم شخصى
الإسم الشخصى ابراهيم مصطفى
942 ## - عناصر المدخل الإضافي( كوها)
مصدر التصنيف او مخطط الترفيف Dewey Decimal Classification
Koha [default] item type كتاب
260 ## - PUBLICATION, DISTRIBUTION, ETC. (IMPRINT)
-- القاهرة :
-- وزراة المعارف العمومية - ادارة احياء التراث القديم ،
Holdings
حالة التراجع حالة الفقد حالة تلف ليس للاعارة المكان المؤقت الموقع الحالى تاريخ الاكتساب اجمالي اﻻعارات رقم الطلب الباركود تاريخ اخر مشاهدة تاريخ تفعيل السعر نوع وعاء كوها مصدر التصنيف او خطة الترفيف موقع الترفيف
        مكتبة القاهرة الكبرى مكتبة القاهرة الكبرى 03/26/2014   415.5\ا م 95951 03/26/2014 03/26/2014 كتاب    
        مكتبة القاهرة الكبرى مكتبة القاهرة الكبرى 03/26/2014   415.5\ا م 95952 03/26/2014 03/26/2014 كتاب    
        مكتبة القاهرة الكبرى مكتبة القاهرة الكبرى 03/26/2014   415.5\ا م 95953 03/26/2014 03/26/2014 كتاب    
        مكتبة القاهرة الكبرى مكتبة القاهرة الكبرى 04/21/2022   415.5 ا م 167808 04/21/2022 04/21/2022 كتاب ddc  
        مكتبة القاهرة الكبرى مكتبة القاهرة الكبرى 04/21/2022   415.5 ا م 167809 04/21/2022 04/21/2022 كتاب ddc  
        مكتبة القاهرة الكبرى مكتبة القاهرة الكبرى 04/21/2022   415.5 ا م 167810 04/21/2022 04/21/2022 كتاب ddc  

Powered By

EGPV